000 00723nam a2200289Ia 4500
005 20260324133427.0
008 008 260324s9999 xx 000 0 eng d
020 _a9780203426500
037 _aEBOOK
040 _aCRL
040 _beng
040 _cCRL
041 _2eng
041 _aeng
084 _qCRL
100 _aJohn P. Anchan; Michael Fullan; Eleoussa Polyzoi
_91193057
245 0 _aChange Forces in Post-Communist Eastern Europe
245 0 _bEducation in Transition
260 _bTaylor and Francis
260 _c2003
365 _a
365 _b300
856 _uhttp://www.taylorfrancis.com/books/9780203426500
942 _cEBOOK
999 _c1792067
_d1792067